Statistics for Simpsons Quotes Quiz

Click here to take the quiz!

General Stats

  • This quiz has been taken 37,310 times
  • The average score is 10 of 18

Answer Stats

Who Said ItQuote% Correct
BartEat my {shorts}!
96%
Nelson{Smell} ya later
88%
Mr. BurnsRelease the {hounds}
87%
Apu Thank you, {come} {again}
82%
LisaIf anyone needs me, I’ll be {in} {my} {room}
70%
BartDon't have a {cow}, man
68%
HomerHere's to {alcohol}, the cause of - and solution to - all life's problems
59%
Milhouse Everything's coming up {Milhouse}!
57%
RalphMe fail English? That's {unpossible}
52%
Kent Brockman I, for one, welcome our new insect {overlords}
50%
Comic Book GuyWorst... {episode}... ever
50%
RalphHi, Super {Nintendo} Chalmers
48%
Groundskeeper WillieLunchlady Doris, have ya got any {grease}? ... Then {grease} me up woman!
37%
Radioactive Man My eyes! The {goggles} do nothing!
37%
Groundskeeper WillieBonjourrrrrrrrr, yah cheese-eatin' {surrender} monkeys!
34%
HomerYou don't win friends with {salad}
34%
Duffman Duffman is {thrusting} in the direction of the problem
29%
Poster in Nelson's room{Nuke} the whales
29%

Score Distribution

Percentile by Number Answered

Percent of People with Each Score

Your Score History

You have not taken this quiz